000 00434nmm a2200157Ia 4500
008 251105s9999||||xx |||||||||||||||||und||
020 _a9789586487269
041 _aspa
100 _aMejía, Hernán
245 0 _aSeguros en la propiedad horizontal
264 _a[Bogotá, Colombia] :
_bEcoe Ediciones,
_c2011
300 _a502 páginas
650 _aLaw
856 _uhttps://public.digitaliapublishing.com/a/70538
942 _cCF
999 _c95347
_d95347